000 00513 a2200181 4500
005 20210818181433.0
008 160722b xxu||||| |||| 00| 0 eng d
020 _a9788436828993
040 _bspa
041 _aspa
100 _948664
_aMedina, Agustin
245 _aHoja de ruta para emprendedores
_c Agustin Medina,
260 _aMadrid
_bEdiciones Piramide
_c2013
300 _a167pag
_c24cm
500 _aIncluye indice
082 _a658.83
_bM491
942 _2ddc
_h658.83 M491
999 _c10465
_d10465